América Latina y Estados Unidos: relaciones económicas en los años setenta /
Đã lưu trong:
| Tác giả chính: | |
|---|---|
| Định dạng: | Texto |
| Các nhãn: |
Thêm thẻ
Không có thẻ, Là người đầu tiên thẻ bản ghi này!
|
MARC
| LEADER | 00000 a a2200000 04500 | ||
|---|---|---|---|
| 001 | 7610 | ||
| 003 | |||
| 040 | |||
| 100 | |a Bitar, Sergio | ||
| 245 | |a América Latina y Estados Unidos: |b relaciones económicas en los años setenta / |c Sergio Bitar | ||
| 773 | |g número 58; páginas 205-224 | ||
| 999 | |c 39007 |d 39007 | ||
